Statistiques concernant Les ministères en France sous Macron

Cliquez ici pour prendre le quiz!

Statistiques générales

  • Ce quiz a été pris 178 fois
  • Le résultat moyen est 9 sur 17

Statistiques - réponses

HintRéponse% Correct
Premier ministreEdouard Philippe
97%
Ministère de l'Education Nationale et de la JeunesseJean-Michel Blanquer
81%
Ministère de l'IntérieurChristophe Castaner
73%
Ministère de l'Economie et des FinancesBruno le Maire
72%
Ministère des Solidarités et de la SantéOlivier Véran
70%
Ministère de l'Europe et des Affaires EtrangèresJean-Yves Le Drian
60%
Ministère de l'Action et des Comptes PublicsGérald Darmanin
57%
Ministère des ArmééesFlorence Parly
56%
Ministère de la Transition Ecologique et SolidaireElisabeth Borne
52%
Ministère de la CultureFranck Riester
48%
Ministère de la JusticeNicole Belloubet
48%
Ministère du TravailMuriel Pénicaud
45%
Ministère de l'Enseignement supérieur, de la Rercherche et de l'InnovationFrédérique Vidal
43%
Ministère des SportsRoxana Maracineanu
37%
Ministères des Outre-MerAnnick Girardin
21%
Ministère de la cohésion des Territoires et des Relations avec les Collectivités TerritorialesJacqueline Gourault
20%
Ministère de l'Agriculture et de l'AlimentationDidier Guillaume
18%

Distribution des résultats

Percentile par nombre de réponses

% des personnes avec chaque résultat

Votre développement - résultats

Vous n’avez pas pris ce quiz